000 00698nam a22002057a 4500
005 20250422095559.0
008 250422b |||||||| |||| 00| 0 eng d
020 _a9789390689231
040 _cAIMIT LIBRARY
082 _23
_a658.1599
_bSIDT
100 _aSiddaiah, Thummuluri.
_9208617
245 _aInternational financial management :
_banalytical framework /
_cBy Thummuluri Siddaiah.
250 _a3rd ed.
260 _aChennai :
_bPearson ,
_c2023.
300 _axlii,596p. ;
_bPB
_c25.4 cm
650 _aFinancial technology
_9208618
650 _aForeign exchange markets structure
_9208619
650 _aInternational parity relationships
_9208620
942 _2ddc
_cBK
_e3rd
_k658.1599 SIDT
999 _c234201
_d234201